Statistics for Guess The Horror Movie

Click here to take the quiz!

General Stats

  • This quiz has been taken 61 times
  • The average score is 7 of 15

Answer Stats

HintAnswer% Correct
1978Halloween
87%
1980Friday The 13th
72%
1984Nightmare On Elm Street
72%
1996Scream
70%
1988Child’s Play
53%
1980The Shining
53%
1979Alien
36%
1974Texas Chainsaw Massacre
36%
1975Jaws
34%
2004Saw
34%
1987Hellraiser
32%
1976Carrie
26%
1992Candyman
23%
1987Predator
15%
1981Evil Dead
11%

Score Distribution

Percentile by Number Answered

Percent of People with Each Score

Your Score History

You have not taken this quiz